Random House Webster's Diccionary
Enregistré dans:
| Collectivité auteur: | |
|---|---|
| Format: | Livre |
| Langue: | Spanish |
| Publié: |
New York, Estados Unidos
Ballantine Books
1998
|
| Édition: | 3 ed. |
| Sujets: | |
| Tags: |
Ajouter un tag
Pas de tags, Soyez le premier à ajouter un tag!
|
MARC
| LEADER | 00000nam a22000007a 4500 | ||
|---|---|---|---|
| 008 | 170512b xxu||||| |||| 00| 0 spa d | ||
| 040 | |a cru BVZT | ||
| 090 | |a R-413 N-1r ING-ING | ||
| 110 | |a Newer words faster | ||
| 245 | |a Random House Webster's Diccionary |c Newer words faster | ||
| 250 | |a 3 ed. | ||
| 260 | |a New York, Estados Unidos |b Ballantine Books |c 1998 | ||
| 300 | |a 878 páginas | ||
| 650 | |a REFERENCIA | ||
| 650 | |a DICCIONARIO | ||
| 650 | |a IDIOMA-INGLÉS | ||
| 650 | |a ILUSTRACIONES | ||
| 650 | |a PRONUNCIACIÓN | ||
| 650 | |a TÉRMINOS DE COMPUTADORA | ||
| 650 | |a TÉRMINOS DE NEGOCIOS | ||
| 942 | |c REF |0 1 | ||
| 999 | |c 15311 |d 15311 | ||
